000 00928cam a22002411 4500
001 e 38000235
003 DLC
005 20260227111227.0
008 780623s1938 dcua f000 0 eng
010 _ae 38000235
035 _a(OCoLC)3998783
040 _aDLC
_cNUtSU
_dOCoLC
_dDLC
042 _apremarc
050 0 0 _aLC1045
_b.A25 no. 193
100 1 _aStier, Leslie G.,
_d1892-
245 1 0 _aTraining for the painting and decorating trade,
_cby L. G. Stier. United States Department of the Interior, Harold L. Ickes, secretary. Office of education, J. W. Studebaker, commissioner.
260 _a[Washington,
_bU.S. Govt. print. off,
_c1938]
300 _av, 138 p.
_billus., col. charts.
_c23 cm.
490 0 _aU. S. Office of education. [Vocational education] bulletin
_vno. 193. Trade and industrial series no. 55
650 0 _aPainting, Industrial.
650 0 _aHouse painting.
650 0 _aTechnical education.
999 _c21599
_d21599